ბათუმის შოთა რუსთაველის სახელმწიფო უნივერსიტეტის ბიბლიოთეკა

Exercise Physiology: (ბიბ.ჩანაწერი № 61672)

000 -LEADER
fixed length control field 00691nam a22002057a 4500
005 - DATE AND TIME OF LATEST TRANSACTION
control field 20240416104323.0
008 - FIXED-LENGTH DATA ELEMENTS--GENERAL INFORMATION
fixed length control field 240416s2007 enk||||| |||| 00| 0 eng d
020 ## - INTERNATIONAL STANDARD BOOK NUMBER
International Standard Book Number 9780073028637x
041 ## - LANGUAGE CODE
Language code of text/sound track or separate title eng
080 ## - UNIVERSAL DECIMAL CLASSIFICATION NUMBER
Universal Decimal Classification number 612(075.8) P-89
100 ## - MAIN ENTRY--PERSONAL NAME
Personal name Powers, Scott
9 (RLIN) 21803
245 ## - TITLE STATEMENT
Title Exercise Physiology:
Remainder of title Theory and Application to Fitness and Performance /*
Statement of responsibility, etc. Scott Powers, Edward Howley.
250 ## - EDITION STATEMENT
Edition statement Sixth edition
264 ## - PRODUCTION, PUBLICATION, DISTRIBUTION, MANUFACTURE, AND COPYRIGHT NOTICE
Place of production, publication, distribution, manufacture Boston:
Name of producer, publisher, distributor, manufacturer McGraw-Hill,
Date of production, publication, distribution, manufacture, or copyright notice 2007.
300 ## - PHYSICAL DESCRIPTION
Extent 560 p. :
Other physical details ill.;
Dimensions 29 cm.
653 ## - INDEX TERM--UNCONTROLLED
keyword ფიზიოლოგიური ვარჯიში
653 ## - INDEX TERM--UNCONTROLLED
keyword ფიტნესი
700 ## - ADDED ENTRY--PERSONAL NAME
Personal name Howley, Edward
Relator term ავტორი
9 (RLIN) 21804
942 ## - ADDED ENTRY ELEMENTS (KOHA)
Source of classification or shelving scheme
Koha item type წიგნი
ეგზემპლარები
Withdrawn status Lost status Source of classification or shelving scheme Damaged status Not for loan Permanent Location Current Location Shelving location Date acquired Cost, normal purchase price Full call number Barcode Date last seen Copy number Price effective from Koha item type Public note
          ბათუმის შოთა რუსთაველის სახელმწიფო უნივერსიტეტის მთავარი ბიბლიოთეკა ბათუმის შოთა რუსთაველის სახელმწიფო უნივერსიტეტის მთავარი ბიბლიოთეკა წიგნსაცავი 2024-04-16 184.00 612(075.8) P-89 67832 2024-04-16 67832 2024-04-16 წიგნი 184 ლ.